Responses for show #7780 - Friday, June 8, 2018

Contestants

[<< previous game]

John Fassola, an attorney from Homer Glen, Illinois

David Kleinman, a student from Sharon, Massachusetts

Mirza Gluhic, a transcriber from Toronto, Ontario, Canada (whose 1-day cash winnings total $28,200)

[next game >>]

Jeopardy! Round responses

ITALY BEFORE THE ROMANS
POP CULTURE SQUIRRELS
THIS CATEGORY WILL BLOW YOU AWAY
STATE OF THE NEWSPAPER
SAILING LIT
TONGUE-TWISTER PROTAGONISTS
    $200 1
bronze

David
    $200 9
SpongeBob SquarePants

Mirza
    $200 16
glassblowing

Mirza
    $200 3
Connecticut

Mirza
    $200 24
a U-boat

John
    $200 21
a woodchuck

David
    $400 4
Sardinia

Mirza
    $400 10
Ice Age

Mirza
    $400 17
(Mirza: What is A Midsummer's Night Dream?)

A Midsummer Night's Dream

MirzaDavid
    $400 12
Ohio

John
    $400 25
a star

Mirza
    $400 8
seashells

John
    $1,000 5
Milan

Mirza
    $600 11
water-ski

John
    $600 20
a shofar

John
    $600 13
(Mirza: What is Iowa?)
(John: What is Michigan?)

South Dakota

MirzaJohn
Triple Stumper
    $600 26
(David: Who is Aeneas?)
(Mirza: Who is Odysseus?)

Ulysses

MirzaDavid
Triple Stumper
    $600 2
Tom

John
    $800 6
the Trojan War

Mirza
    $800 18
Rocky (the Flying Squirrel)

Mirza
    $800 22
Guy Fawkes

Mirza
    $800 14
Washington

Triple Stumper
    $800 27
Count Dracula

Mirza
    $800 29
Peter Piper

David
    $1000 7
the Olympics

David
    $1000 19
the Animaniacs

David
    $1000 23
Neil Simon

Mirza
    $1000 15
(David: What is Rhode Island?)

Vermont

David
Triple Stumper
    $1000 28
the Dawn Treader

David
    $1000 30
(Alex: [*] supposes his toeses are roses, but Moses supposes erroneously. Now Moses, he knowses--oh, gosh.)

Moses

David

Scores at the first commercial break (after clue 15):

Mirza David John
$2,400 $200 $1,400

Scores at the end of the Jeopardy! Round:

Mirza David John
$5,400 $4,000 $2,200

Double Jeopardy! Round responses

O YE OF LITTLE FAITH
SCRAMBLED WORLD CAPITALS
GOLFER IN CHIEF
SONG TIME
PSYCHOLOGY
"U" KNOW IT!
    $400 1
agnostics

John
    $400 11
Stockholm

John
    $400 26
Bill Clinton

David
    $400 16
"Piano Man"

John
    $400 25
hoarding

David
    $400 10
utopia

Mirza
    $800 2
Buddhism

Mirza
    $800 12
Wellington

Mirza
    $800 27
Harvard

John
    $800 17
Drake

Mirza
    $800 24
a Rorschach

David
    $800 7
a unitard

John
    $2,000 3
(Mirza: What is "Thus spake Zarathustra?)

"God is dead"

Mirza
    $1200 13
Buenos Aires

John
    $1200 28
Gerald Ford

John
    $1200 18
quarter

David
    $2,400 21
nature versus nurture

David
    $1200 6
unction

John
    $1600 4
France

Mirza
    $1600 14
Riyadh

Mirza
    $1600 29
New Jersey

Mirza
    $1600 19
(John: What is "5 or 6 to 4"?)

"25 or 6 to 4"

John
Triple Stumper
    $1600 22
schizophrenia

David
    $1600 8
Utrecht

John
    $2000 5
(Richard) Dawkins

David
    $2000 15
Vientiane

Mirza
    $2000 30
the South Lawn

Triple Stumper
    $2000 20
Matchbox Twenty

David
    $2000 23
(Mirza: What is an endorphin?)

serotonin

MirzaDavid
    $2000 9
Uther Pendragon

Mirza

Scores at the end of the Double Jeopardy! Round:

Mirza David John
$13,000 $16,800 $8,600

[wagering suggestions for these scores]

Final Jeopardy! Round responses

LITERARY SETTINGS
(Alex: If you remembered some of that literature from your younger days--Winnie-the-Pooh.)
JohnWhat is Pooh Forest?
$8,300
MirzaWhat is 100 Acre Wood?
$12,000
DavidWhat is the Hundred-Acre Wood?
$14,800
the Hundred Acre Wood

Final scores:

Mirza David John
$25,000 $31,600 $300
2nd place: $2,000 New champion: $31,600 3rd place: $1,000

Game dynamics:

Coryat scores:

Mirza David John
$14,600 $15,600 $8,600
21 R
(including 1 DD),
5 W
(including 1 DD)
17 R
(including 1 DD),
2 W
15 R,
2 W

Combined Coryat: $38,800

The J! Archive is created by fans, for fans. The Jeopardy! game show and all elements thereof, including but not limited to copyright and trademark thereto, are the property of Jeopardy Productions, Inc. and are protected under law. This website is not affiliated with, sponsored by, or operated by Jeopardy Productions, Inc. Join the discussion at JBoard.tv.